000 00886nam a2200229Ia 4500
999 _c54458
_d54458
001 21520
003 GE_BSU
005 20211126152627.0
008 181216s1988||||ge |||||||||||||| ||geo||
040 _cGE_BSU
041 _ageo
080 _a811.353.1'367(075.8) კ-44
100 _aკვაჭაძე, ლ. (ლეო)
_913084
245 _aთანამედროვე ქართული ენის სინტაქსი /
_cლ. (ლეო) კვაჭაძე.
250 _aმე-3 შევსებული გამოცემა
264 _aთბილისი :
_bგანათლება,
_c1988.
300 _a491 გვ. ;
_c22 სმ.
541 _h2ლ. 60თ.
653 _aთანამედროვე ქართული ენის სინტაქსი
653 _aქართული ენა
942 _cBK
_2udc